| 000 | 00722nam a2200253 a 4500 | ||
|---|---|---|---|
| 001 | BRL_1857 | ||
| 005 | 20190320211411.0 | ||
| 008 | 100815s1953----u--ao#####---#000-0#eng-# | ||
| 041 | _aeng | ||
| 044 | _au | ||
| 050 | 4 |
_aF1435 _b.T46 1953 |
|
| 100 | 1 |
_aThompson, J. Eric S. _919257 |
|
| 245 | 1 | 0 |
_aThe civilización of the mayas _cJ. Eric S. Thompson. |
| 250 | _a5a ed. | ||
| 260 |
_aThe United States of America _bChicago Natural History Museum Press _c1953 |
||
| 300 |
_a96 p. _bil. _c21 cm. |
||
| 500 | _aAu1818 | ||
| 500 | _aIncluye índice alfabético | ||
| 504 | _aBibliografía: p. 89-90 | ||
| 650 | 1 | 4 |
_aMayas _xCivilización _924396 |
| 650 | 1 | 4 |
_aMayas _xHistoria _923497 |
| 902 | _aGRL | ||
| 942 |
_2lcc _cB |
||
| 999 |
_c10665 _d10665 |
||